[Event "Kiel op 35th"]
[Site "Kiel"]
[Date "2023.07.29"]
[Round "2"]
[White "Bendixen, Matthes"]
[Black "Boehme, Arne"]
[Result "1/2-1/2"]
[WhiteElo "1798"]
[BlackElo "2153"]
[PlyCount "75"]
[EventDate "2023.07.29"]
[EventType "swiss"]
[EventRounds "9"]
[EventCountry "GER"]
[SourceTitle "CBM 215 Extra"]
[Source "ChessBase"]
[SourceDate "2023.09.30"]
[SourceVersion "1"]
[SourceVersionDate "2023.09.30"]
[SourceQuality "1"]

1. d4 Nf6 2. c4 g6 3. Nf3 Bg7 4. g3 0-0 5. Bg2 d6 6. 0-0 Nc6 7. Nc3 a6 8. b3 Rb8 9. Bb2 b5 10. cxb5 axb5 11. Rc1 Bd7 12. Qc2 Na5 13. Nd2 b4 14. Nd5 Nxd5 15. Bxd5 c6 16. Bg2 Qb6 17. e3 Rfc8 18. Qb1 Rc7 19. Rfd1 Bf5 20. e4 Bg4 21. Nf3 Nb7 22. h3 Bxf3 23. Bxf3 c5 24. e5 Rbc8 25. exd6 Nxd6 26. dxc5 Rxc5 27. Bxg7 Rxc1 28. Rxc1 Rxc1+ 29. Qxc1 Kxg7 30. a3 bxa3 31. Qxa3 e5 32. Qa4 Nf5 33. Qe4 Kf6 34. Qc6+ Qxc6 35. Bxc6 Ke6 36. Bb5 Nd6 37. Bc6 Nf5 38. Bb5 1/2-1/2

[Event "BL2-Nord 2122"]
[Site "Germany"]
[Date "2022.07.03"]
[Round "10.3"]
[White "Palac, Mladen"]
[Black "Boehme, Arne"]
[Result "1-0"]
[WhiteElo "2501"]
[BlackElo "2144"]
[PlyCount "35"]
[EventDate "2022.03.05"]
[EventType "team-tourn"]
[EventRounds "10"]
[EventCountry "GER"]
[SourceTitle "EXT 2023"]
[Source "ChessBase"]
[SourceDate "2022.10.05"]
[SourceVersion "1"]
[SourceVersionDate "2022.10.05"]
[SourceQuality "1"]
[WhiteTeam "Kirchweyhe"]
[BlackTeam "Lingen"]
[WhiteTeamCountry "GER"]
[BlackTeamCountry "GER"]

1. d4 g6 2. e4 Bg7 3. Nc3 d6 4. Be3 a6 5. g4 b5 6. Bg2 Bb7 7. h4 h5 8. gxh5 Rxh5 9. Bf3 Rh8 10. h5 gxh5 11. e5 Qc8 12. Bxb7 Qxb7 13. Rxh5 e6 14. Rxh8 Bxh8 15. Qh5 Qg2 16. 0-0-0 Bg7 17. Nge2 Qg6 18. Qh1 1-0

[Event "Niedersachsen-ch MT"]
[Site "Verden an der Aller"]
[Date "2020.01.04"]
[Round "6"]
[White "Boehme, Arne"]
[Black "Polster, Christian"]
[Result "1/2-1/2"]
[WhiteElo "2158"]
[BlackElo "2279"]
[PlyCount "127"]
[EventDate "2020.01.02"]
[EventType "swiss"]
[EventRounds "7"]
[EventCountry "GER"]
[SourceTitle "EXT 2023"]
[Source "ChessBase"]
[SourceDate "2022.10.05"]
[SourceVersion "1"]
[SourceVersionDate "2022.10.05"]
[SourceQuality "1"]

1. e4 c5 2. Nf3 d6 3. d4 cxd4 4. Nxd4 Nf6 5. Nc3 a6 6. g3 e5 7. Nde2 Be6 8. Bg2 Be7 9. h3 b5 10. a3 0-0 11. 0-0 Nbd7 12. g4 Nb6 13. Ng3 d5 14. Nf5 d4 15. Ne2 Nfd7 16. Neg3 Bc4 17. Nxe7+ Qxe7 18. Nf5 Qd8 19. Re1 Nc5 20. b3 Be6 21. f4 f6 22. Qf3 Qc7 23. fxe5 fxe5 24. Qg3 Rad8 25. Bb2 Rd7 26. Rf1 a5 27. Rf2 a4 28. Raf1 Re8 29. Qh4 Qd8 30. Qh5 axb3 31. Nxg7 Rxg7 32. Qxe5 Nc4 33. Qxc5 Nxb2 34. e5 Na4 35. Qxb5 Nc3 36. Qb4 Qb8 37. cxb3 Qxb4 38. axb4 Rf7 39. Bc6 Rd8 40. Rf6 d3 41. Rxe6 Ne2+ 42. Kg2 Rxf1 43. Kxf1 Nd4 44. Rd6 Nxc6 45. Rxd8+ Nxd8 46. Ke1 Kf7 47. Kd2 Ke6 48. Kxd3 Kxe5 49. Ke3 Ne6 50. Kf2 Nd4 51. Kg3 Nxb3 52. Kh4 Kf6 53. b5 Nc5 54. b6 Kg6 55. Kg3 Kf6 56. h4 h6 57. Kf4 Nb7 58. Ke4 Ke6 59. Kd4 Nd8 60. Kc4 Ke5 61. Kb5 Kf4 62. g5 hxg5 63. hxg5 Kxg5 64. Ka6 1/2-1/2

[Event "Dresden ZMD op"]
[Site "Dresden"]
[Date "2006.08.12"]
[Round "8"]
[White "Costello, Colin"]
[Black "Boehme, Arne"]
[Result "1-0"]
[WhiteElo "2039"]
[BlackElo "2160"]
[PlyCount "79"]
[EventDate "2006.08.05"]
[EventType "swiss"]
[EventRounds "9"]
[EventCountry "GER"]
[SourceTitle "CBM 113 Extra"]
[Source "ChessBase"]
[SourceDate "2006.09.14"]
[SourceVersion "1"]
[SourceVersionDate "2006.09.14"]
[SourceQuality "1"]

1. c4 g6 2. Nc3 Bg7 3. Nf3 Nf6 4. g3 0-0 5. Bg2 d6 6. 0-0 e5 7. d3 h6 8. Rb1 a5 9. a3 Be6 10. b4 axb4 11. axb4 Nbd7 12. Qb3 c6 13. Nd2 Qc7 14. Bb2 Nb6 15. Rfc1 Qd7 16. Qd1 d5 17. b5 Nh7 18. Qb3 dxc4 19. Nxc4 Nxc4 20. dxc4 f5 21. Na4 Qc7 22. Nc5 Bf7 23. b6 Qc8 24. Rd1 Be6 25. Rd6 Re8 26. Nxe6 Rxe6 27. c5 Nf8 28. Bxc6 Kh7 29. Bxb7 Qxb7 30. Rxe6 Nxe6 31. Qxe6 Qe4 32. Rf1 Qxe2 33. b7 Rh8 34. Qb6 f4 35. b8Q Rxb8 36. Qxb8 Qh5 37. Qc7 f3 38. Bxe5 Qxe5 39. Qxe5 Bxe5 40. c6 1-0

[Event "Dresden ZMD op"]
[Site "Dresden"]
[Date "2005.07.31"]
[Round "9"]
[White "Pluemer, Detlef"]
[Black "Boehme, Arne"]
[Result "1/2-1/2"]
[WhiteElo "2260"]
[BlackElo "2146"]
[PlyCount "29"]
[EventDate "2005.07.23"]
[EventType "swiss"]
[EventRounds "9"]
[EventCountry "GER"]
[SourceTitle "EXT 2006"]
[Source "ChessBase"]
[SourceDate "2005.11.24"]
[SourceVersion "1"]
[SourceVersionDate "2005.11.24"]
[SourceQuality "1"]

1. d4 d5 2. c4 e5 3. e3 dxc4 4. Bxc4 exd4 5. exd4 Bd6 6. Nf3 Nf6 7. 0-0 0-0 8. Be3 Bg4 9. h3 Bh5 10. Nc3 Nbd7 11. Be2 Nb6 12. Ne5 Bxe2 13. Qxe2 Nfd5 14. Rae1 c6 15. Ne4 1/2-1/2

[Event "Dresden ZMD op"]
[Site "Dresden"]
[Date "2005.07.29"]
[Round "7"]
[White "Wigger, Jochen"]
[Black "Boehme, Arne"]
[Result "1/2-1/2"]
[WhiteElo "2247"]
[BlackElo "2146"]
[PlyCount "61"]
[EventDate "2005.07.23"]
[EventType "swiss"]
[EventRounds "9"]
[EventCountry "GER"]
[SourceTitle "EXT 2006"]
[Source "ChessBase"]
[SourceDate "2005.11.24"]
[SourceVersion "1"]
[SourceVersionDate "2005.11.24"]
[SourceQuality "1"]

1. Nf3 Nc6 2. d4 d5 3. g3 Bg4 4. Bg2 Qd7 5. c4 dxc4 6. d5 0-0-0 7. Nc3 Bxf3 8. Bxf3 Ne5 9. Bg2 e6 10. Qd4 Nc6 11. Qxc4 exd5 12. Qa4 Bb4 13. 0-0 Nge7 14. Rd1 Qe6 15. Be3 Bxc3 16. bxc3 Kb8 17. Rab1 h5 18. Bc5 h4 19. Rd3 hxg3 20. hxg3 b6 21. c4 dxc4 22. Ra3 Nd5 23. Qxc4 Rh5 24. Bf3 Ne5 25. Qa6 Nxf3+ 26. exf3 Qh6 27. Qxa7+ Kc8 28. Qa6+ Kd7 29. Qa4+ Kc8 30. Qa6+ Kd7 31. Qa4+ 1/2-1/2

[Event "Oberliga Nord W 0405"]
[Site "Germany"]
[Date "2004.11.14"]
[Round "2.6"]
[White "Lunkmoss, Gerhard"]
[Black "Boehme, Arne"]
[Result "1/2-1/2"]
[WhiteElo "2130"]
[BlackElo "2110"]
[PlyCount "101"]
[EventDate "2004.10.24"]
[EventType "team-tourn"]
[EventRounds "9"]
[EventCountry "GER"]
[SourceTitle "EXT 2006"]
[Source "ChessBase"]
[SourceDate "2005.11.24"]
[SourceVersion "1"]
[SourceVersionDate "2005.11.24"]
[SourceQuality "1"]
[WhiteTeam "Bremen Nord"]
[BlackTeam "Jever"]
[WhiteTeamCountry "GER"]
[BlackTeamCountry "GER"]

1. e4 e5 2. Nf3 Nc6 3. Bb5 a6 4. Ba4 Nf6 5. 0-0 Be7 6. Re1 b5 7. Bb3 d6 8. c3 Na5 9. Bc2 c5 10. h3 0-0 11. d4 Nd7 12. Nbd2 exd4 13. cxd4 Nc6 14. Nf1 Bf6 15. dxc5 dxc5 16. Qd5 Nb4 17. Qd1 Qc7 18. a3 Nxc2 19. Qxc2 Ne5 20. Nxe5 Bxe5 21. Ne3 Be6 22. Ng4 Bxg4 23. hxg4 Rad8 24. Be3 c4 25. Rad1 Rxd1 26. Rxd1 Rd8 27. Rd5 g6 28. Qd2 Rxd5 29. exd5 Qd7 30. f4 Bd6 31. Qe2 Qe7 32. Qf3 Qf6 33. Qf2 a5 34. g3 b4 35. Bd4 Qe7 36. axb4 axb4 37. Qc2 Bc5 38. Qf2 Bxd4 39. Qxd4 Qe1+ 40. Kg2 Qe2+ 41. Kh3 Qf1+ 42. Kh2 Qe2+ 43. Kh3 Qd3 44. Qe5 h6 45. d6 c3 46. bxc3 bxc3 47. Qe8+ Kg7 48. d7 Qf1+ 49. Kh2 Qf2+ 50. Kh3 Qf1+ 51. Kh2 1/2-1/2

[Event "Dresden ZMD op"]
[Site "Dresden"]
[Date "2004.07.22"]
[Round "8"]
[White "Boehme, Arne"]
[Black "Schlawin, Marlon"]
[Result "1-0"]
[WhiteElo "2110"]
[BlackElo "2298"]
[PlyCount "164"]
[EventDate "2004.07.15"]
[EventType "tourn"]
[EventRounds "9"]
[EventCountry "GER"]
[SourceTitle "EXT 2006"]
[Source "ChessBase"]
[SourceDate "2005.11.24"]
[SourceVersion "1"]
[SourceVersionDate "2005.11.24"]
[SourceQuality "1"]

1. e4 Nf6 2. e5 Nd5 3. d4 d6 4. exd6 exd6 5. c4 Nb6 6. Nc3 Be7 7. h3 Bf5 8. Nf3 0-0 9. Be2 c6 10. 0-0 Na6 11. Be3 Nc7 12. Rc1 Bf6 13. Qd2 Re8 14. Nh2 d5 15. b3 dxc4 16. bxc4 Qe7 17. g4 c5 18. gxf5 cxd4 19. Bxd4 Qd7 20. Nf3 Qxf5 21. Bxf6 gxf6 22. Kh2 Kh8 23. Nd4 Qe5+ 24. f4 Qc5 25. Nb3 Qe7 26. Qc2 Rg8 27. Qe4 Ne6 28. Bd3 Rg6 29. c5 Nd7 30. Nd5 Qf8 31. Qe3 Rh6 32. Rg1 Re8 33. Qf2 Rh5 34. Qf3 Qh6 35. Rg3 Rh4 36. Rg4 Rxg4 37. Qxg4 Rg8 38. Qf3 Qh4 39. Rg1 Rxg1 40. Kxg1 Ndxc5 41. Nxc5 Nxc5 42. Bf1 Ne6 43. Qc3 Nxf4 44. Qxf6+ Qxf6 45. Nxf6 Kg7 46. Ne4 Kh6 47. Nd6 Kg5 48. Nxf7+ Kh4 49. Kh2 b5 50. Ne5 a6 51. Nf3+ Kh5 52. Nd4 Nd5 53. Bxb5 axb5 54. Nxb5 Nb6 55. Kg3 Kg5 56. Nd4 Na4 57. h4+ Kh5 58. Ne6 Nc3 59. Nf4+ Kh6 60. a3 Ne4+ 61. Kf3 Nc5 62. Kg4 Nd7 63. a4 Ne5+ 64. Kf5 Nc6 65. h5 Na5 66. Kg4 Nc6 67. Kh4 Na5 68. Nd3 Nc6 69. Nf2 Na5 70. Ng4+ Kg7 71. Kg5 Nc6 72. h6+ Kf7 73. Nf6 Nd8 74. Nxh7 Ne6+ 75. Kh5 Nf4+ 76. Kg4 Nd5 77. Kf5 Ne7+ 78. Kg5 Nc6 79. Nf6 Na7 80. a5 Nc6 81. a6 Na7 82. Ne4 Nc6 1-0

[Event "Dresden ZMD op"]
[Site "Dresden"]
[Date "2004.07.20"]
[Round "6"]
[White "Buchenau, Frank"]
[Black "Boehme, Arne"]
[Result "1-0"]
[WhiteElo "2340"]
[BlackElo "2110"]
[PlyCount "75"]
[EventDate "2004.07.15"]
[EventType "tourn"]
[EventRounds "9"]
[EventCountry "GER"]
[SourceTitle "EXT 2006"]
[Source "ChessBase"]
[SourceDate "2005.11.24"]
[SourceVersion "1"]
[SourceVersionDate "2005.11.24"]
[SourceQuality "1"]

1. e4 e5 2. Bc4 Nf6 3. d3 c6 4. Nf3 Be7 5. Bb3 d6 6. 0-0 0-0 7. c3 Re8 8. Re1 h6 9. Nbd2 b5 10. d4 Qc7 11. a4 bxa4 12. Bxa4 Nbd7 13. Bc2 Bf8 14. Nf1 Nb6 15. Ng3 Bg4 16. h3 Be6 17. Nh2 Rad8 18. dxe5 dxe5 19. Qf3 Nh7 20. Nf5 Nc4 21. Qg3 Kh8 22. b3 Na5 23. Be3 Bxf5 24. exf5 c5 25. Qh4 Nc6 26. Ng4 f6 27. Be4 Ne7 28. Qh5 Ng8 29. b4 cxb4 30. cxb4 Qc4 31. f3 Qxb4 32. Reb1 Qc3 33. Rc1 Qb3 34. Rxa7 Rd1+ 35. Rxd1 Qxd1+ 36. Kh2 Rc8 37. Qf7 Rc1 38. Bd5 1-0

[Event "Oberliga Nord W 0304"]
[Site "Germany"]
[Date "2004.04.25"]
[Round "9.5"]
[White "Meyer, Heinz Dieter"]
[Black "Boehme, Arne"]
[Result "1/2-1/2"]
[WhiteElo "2256"]
[BlackElo "2089"]
[PlyCount "36"]
[EventDate "2003.10.12"]
[EventType "team-tourn"]
[EventRounds "9"]
[EventCountry "GER"]
[SourceTitle "EXT 2005"]
[Source "ChessBase"]
[SourceDate "2004.11.15"]
[SourceVersion "1"]
[SourceVersionDate "2004.11.15"]
[SourceQuality "1"]
[WhiteTeam "Bremen Nord"]
[BlackTeam "Jever"]
[WhiteTeamCountry "GER"]
[BlackTeamCountry "GER"]

1. c4 e5 2. Nc3 Nf6 3. Nf3 Nc6 4. e3 Bb4 5. Qc2 d6 6. a3 Bxc3 7. Qxc3 0-0 8. d4 exd4 9. Nxd4 Nxd4 10. Qxd4 Bf5 11. Be2 Qe7 12. 0-0 a5 13. f3 Nd7 14. e4 Bg6 15. Be3 b6 16. b4 f5 17. exf5 Bxf5 18. Rfe1 Rfe8 1/2-1/2

[Event "Oberliga Nord W 0304"]
[Site "Germany"]
[Date "2003.10.12"]
[Round "1.6"]
[White "Rau, Uwe"]
[Black "Boehme, Arne"]
[Result "1/2-1/2"]
[WhiteElo "2053"]
[BlackElo "2040"]
[PlyCount "108"]
[EventDate "2003.10.12"]
[EventType "team-tourn"]
[EventRounds "9"]
[EventCountry "GER"]
[SourceTitle "EXT 2005"]
[Source "ChessBase"]
[SourceDate "2004.11.15"]
[SourceVersion "1"]
[SourceVersionDate "2004.11.15"]
[SourceQuality "1"]
[WhiteTeam "Oldenburg Union"]
[BlackTeam "Jever"]
[WhiteTeamCountry "GER"]
[BlackTeamCountry "GER"]

1. e4 e5 2. Nf3 Nc6 3. Bb5 a6 4. Ba4 Nf6 5. 0-0 Be7 6. Re1 b5 7. Bb3 d6 8. c3 0-0 9. h3 Na5 10. Bc2 c5 11. d4 Qc7 12. Nbd2 Bd7 13. Nf1 Rac8 14. d5 Ne8 15. b3 f5 16. exf5 Bxf5 17. Bxf5 Rxf5 18. Qd3 Rf7 19. c4 Qd7 20. Bd2 Nb7 21. Ng3 g6 22. Re2 Ng7 23. Bc3 b4 24. Bb2 Nf5 25. Ne4 Nd4 26. Bxd4 cxd4 27. a3 bxa3 28. Rxa3 a5 29. Ne1 Qc7 30. Qd2 Bd8 31. Nd3 Rf5 32. f4 Be7 33. Ra1 Rcf8 34. g3 Qb6 35. Ree1 exf4 36. gxf4 Bh4 37. Reb1 Re8 38. Qg2 Nc5 39. Nexc5 dxc5 40. Qg4 Qf6 41. Rf1 Re3 42. Rf3 Rxf3 43. Qxf3 Rg5+ 44. Kh2 Rg3 45. Qf1 Qf5 46. Rd1 g5 47. Nxc5 Qc2+ 48. Kh1 Rxh3+ 49. Qxh3 Qxd1+ 50. Kh2 Qd2+ 51. Kh1 Qe1+ 52. Kh2 Qf2+ 53. Kh1 Qe1+ 54. Kh2 Qf2+ 1/2-1/2